000 00627nam a2200277Ia 4500
005 20260401122250.0
008 008 250103s9999 xx 000 0 eng d
020 _a802047793
037 _aTB
040 _aEDL
040 _beng
040 _cEDL
041 _2eng
041 _aeng
084 _a809 CHE
084 _qEDL
245 0 _aEuropean Literary Careers: Author from Antiquity to the Renaissance
260 _aToronto
260 _bUniversity of Toronto Press
260 _c2002
300 _a366p
942 _cTB
942 _h809 CHE
999 _c1846069
_d1846069